Geography groups of five by clue - Statistics

General Stats
  • This quiz has been taken 279 times
  • The average score is 25 of 30
Answer Stats
Clue Answer % Correct
Nordic countries Denmark
99%
Nordic countries Finland
99%
Nordic countries Norway
99%
Nordic countries Sweden
99%
Chinese megacities (pop. 10M+) Beijing
98%
Nordic countries Iceland
97%
Southeast Asian island nations Indonesia
97%
Countries with land area on the Iberian Peninsula* Portugal
97%
U.S pacific states California
96%
Countries with land area on the Iberian Peninsula* Spain
96%
Countries with land area on the Iberian Peninsula* France
93%
Chinese megacities (pop. 10M+) Shanghai
93%
U.S pacific states Washington
93%
U.S pacific states Hawaii
92%
Southeast Asian island nations Philippines
92%
Southeast Asian island nations Singapore
91%
U.S pacific states Alaska
90%
Countries with land area on the Iberian Peninsula* Andorra
90%
Southeast Asian island nations East Timor
89%
U.S pacific states Oregon
89%
Southeast Asian island nations Brunei
87%
Countries with land area on the Iberian Peninsula* United Kingdom
81%
Inhabited territories of the United States Guam
78%
Inhabited territories of the United States Puerto Rico
78%
Chinese megacities (pop. 10M+) Guangzhou
74%
Inhabited territories of the United States United States Virgin Islands
58%
Inhabited territories of the United States American Samoa
50%
Chinese megacities (pop. 10M+) Tianjin
38%
Inhabited territories of the United States Northern Mariana Islands
33%
Chinese megacities (pop. 10M+) Xiamen
31%
No matching quizzes found
Score Distribution
Percent of People with Each Score
Percentile by Number Answered
Your Score History
You have not taken this quiz